header

Beginning algebra : a text / workbook (Record no. 252691)

MARC details
000 -LEADER
fixed length control field 00522nam a22001937a 4500
003 - CONTROL NUMBER IDENTIFIER
control field OSt
005 - DATE AND TIME OF LATEST TRANSACTION
control field 20181024102948.0
008 - FIXED-LENGTH DATA ELEMENTS--GENERAL INFORMATION
fixed length control field 160301b xxu||||| |||| 00| 0 eng d
010 ## - LIBRARY OF CONGRESS CONTROL NUMBER
LC control number 2002111895
020 ## - INTERNATIONAL STANDARD BOOK NUMBER
International Standard Book Number 0030294444
040 ## - CATALOGING SOURCE
Transcribing agency N/A
050 ## - LIBRARY OF CONGRESS CALL NUMBER
Classification number QA152.3 .M45 2003
100 ## - MAIN ENTRY--PERSONAL NAME
Personal name Charles P. McKeague
245 ## - TITLE STATEMENT
Title Beginning algebra : a text / workbook
250 ## - EDITION STATEMENT
Edition statement 6th ed.
260 ## - PUBLICATION, DISTRIBUTION, ETC. (IMPRINT)
Place of publication, distribution, etc PACIFIC GROVE
Name of publisher, distributor, etc THOMSON-BROOKS/COLE
Date of publication, distribution, etc c2003
300 ## - PHYSICAL DESCRIPTION
Extent v,various pagings
Other physical details ill,(some col)
Dimensions 28cm+CD-ROM
942 ## - ADDED ENTRY ELEMENTS (KOHA)
Source of classification or shelving scheme Library of Congress Classification
Koha item type Long Loan Books
Holdings
Withdrawn status Lost status Source of classification or shelving scheme Damaged status Not for loan Collection code Home library Current library Shelving location Date acquired Total Checkouts Full call number Barcode Date last seen Date checked out Price effective from Koha item type
    Library of Congress Classification     Non-fiction Rongo University Library Rongo University Library General Stacks 01/03/2016 1 QA152.3 .M45 2003 201610380 02/08/2019 15/09/2017 01/03/2016 Long Loan Books
    Library of Congress Classification     Non-fiction Rongo University Library Rongo University Library General Stacks 03/08/2016   QA152.3 .M45 2003 20153467 03/08/2016   03/08/2016 Long Loan Books
    Library of Congress Classification     Non-fiction Rongo University Library Rongo University Library General Stacks 18/08/2016   QA 152.3M3 2003 201618084-X 18/08/2016   18/08/2016 Long Loan Books
    Library of Congress Classification     Non-fiction Rongo University Library Rongo University Library General Stacks 23/02/2017   QA152.3 .M45 2003 201700020 23/02/2017   23/02/2017 Long Loan Books
    Library of Congress Classification     Non-fiction Rongo University Library Rongo University Library General Stacks 27/02/2017   QA152.3 .M45 2003 201615782 27/02/2017   27/02/2017 Long Loan Books
    Library of Congress Classification     Non-fiction Rongo University Library Rongo University Library General Stacks 13/03/2017   QA152.3 .M45 2003 201700090 13/03/2017   13/03/2017 Long Loan Books
    Library of Congress Classification     Non-fiction Rongo University Library Rongo University Library General Stacks 18/05/2017   QA152.3 .M45 2003 201610154 18/05/2017   18/05/2017 Long Loan Books
    Library of Congress Classification     Non-fiction Rongo University Library Rongo University Library General Stacks 24/10/2018   QA152.3 .M45 2003 201618128 24/10/2018   24/10/2018 Long Loan Books
    Library of Congress Classification       Rongo University Library Rongo University Library   30/07/2020   QA152.3 .M45 2003 20168452 30/07/2020   30/07/2020 Long Loan Books

© 2026 Rongo University
Contact us: librarian | system librarian | Rongo university